[Event "Nereto op"]
[Site "Nereto"]
[Date "1998.??.??"]
[Round "?"]
[White "Barlov, Dragan"]
[Black "Aleksic, Nenad"]
[Result "1/2-1/2"]
[WhiteElo "2490"]
[BlackElo "2445"]

1.e4 d6 2.d4 Nf6 3.Nc3 e5 4.dxe5 dxe5 5.Qxd8+ Kxd8 6.Bc4 Be6 7.Bxe6 fxe6
8.Be3 Nbd7 9.f3 Bb4 10.Ne2 Ke7 11.O-O-O g6 12.g3 Bc5 13.Bxc5+ Nxc5  1/2-1/2

[Event "Nova Gorica op"]
[Site "Nova Gorica"]
[Date "1998.??.??"]
[Round "2"]
[White "Grosar, Aljosa"]
[Black "Ciglic, Boris"]
[Result "1-0"]
[WhiteElo "2470"]
[BlackElo "2175"]

1.e4 d6 2.d4 Nf6 3.Nc3 c6 4.f4 g6 5.Nf3 Bg7 6.Bd3 O-O 7.O-O Na6 8.a3 c5 9.d5 Nc7
10.Qe1 Rb8 11.a4 e6 12.dxe6 Bxe6 13.f5 gxf5 14.exf5 Bd7 15.Bg5 Bc6 16.Qh4 d5
17.Rad1 Nce8 18.Bc4 Qb6 19.Nxd5 Bxd5 20.Bxd5 Qxb2 21.Bb3 Rc8 22.Bc1 Qa1 23.Bd2 Qa3
24.Ra1 Qxa1 25.Rxa1 Nd6 26.Bc3  1-0

[Event "Nyirsegi Torna op"]
[Site "Nyirsegi Torna"]
[Date "1998.??.??"]
[Round "4"]
[White "Hajdu, Istvan"]
[Black "Nagy, Karoly"]
[Result "0-1"]
[WhiteElo "2195"]
[BlackElo "2165"]

1.e4 d6 2.d4 Nf6 3.Nc3 c6 4.f4 Qa5 5.Bd3 Bg4 6.Nf3 d5 7.O-O dxe4 8.Nxe4 Nxe4
9.Bxe4 e6 10.h3 Bh5 11.g4 Bg6 12.f5 exf5 13.gxf5 Bh5 14.Qe2 Be7 15.Bf4 O-O
16.Qh2 Bxf3 17.Rxf3 Nd7 18.a4 Bf6 19.c3 Rfe8 20.Bc7 Qa6 21.Bd3 b5 22.b4 Qb7
23.Qf4 bxa4 24.Rxa4 Nb6 25.Ba6 Qxc7 26.Qxc7 Nxa4 27.Qxc6 Nb6 28.Rf2 Re1+
29.Kg2 Rae8 30.Bb7 h6 31.Qc7 Bh4 32.Rc2 R8e3 33.Bf3 Ra1 34.Re2 Nd5 35.Rc2 Nxc7
36.d5 Nb5 37.c4 Nd4  0-1

[Event "Olomouc op"]
[Site "Olomouc"]
[Date "1998.??.??"]
[Round "7"]
[White "Aksiuczyc, Monika"]
[Black "Kucera, Juraj"]
[Result "1-0"]
[WhiteElo "2155"]
[BlackElo "2185"]

1.e4 d6 2.d4 Nf6 3.Nc3 c6 4.Bg5 Qa5 5.Qd2 Nbd7 6.Nf3 e5 7.Bc4 Be7 8.O-O O-O
9.Nd5 Qd8 10.Nxe7+ Qxe7 11.Rfe1 b5 12.Bb3 Bb7 13.Nh4 g6 14.Bh6 Ng4 15.Bg5 Ngf6
16.c3 c5 17.d5 Kh8 18.Bd1 Qe8 19.Re3 Ng8 20.Rh3 Ndf6 21.Qe3 Bc8 22.Rg3 Kg7
23.Nf5+ Bxf5 24.exf5 Nxd5 25.Qd2 Ngf6 26.Bh6+ Kh8 27.Bxf8 Qxf8 28.Bf3 e4
29.Be2 gxf5 30.c4 bxc4 31.Bxc4 Nb6 32.Qg5 Ne8 33.Bb5 Ng7 34.Rd1 d5 35.Qf6 Rc8
36.h4 h5 37.Qh6+ Kg8 38.Qxh5 Qd6 39.Qg5 Qg6 40.Qe7 Qe6 41.Qg5 Qe5 42.a4 a5
43.Qh6 Rb8 44.h5 Na8 45.Rxd5 Qxb2 46.Rxf5 Nc7 47.Rxg7+ Qxg7 48.Rg5 Ne6 49.Rxg7+ Nxg7
50.Qf4 Rd8 51.h6 Ne6 52.Qxe4 Rd4 53.Qe3 c4 54.g3 Kh7 55.Bxc4  1-0

[Event "Ostrava Cup"]
[Site "Ostrava"]
[Date "1998.??.??"]
[Round "1"]
[White "Gdanski, Jacek"]
[Black "Berezjuk, Sergej"]
[Result "1-0"]
[WhiteElo "2540"]
[BlackElo "2410"]

1.e4 d6 2.d4 Nf6 3.Nc3 e5 4.Nge2 Be7 5.f3 c6 6.Be3 b5 7.dxe5 dxe5 8.Qxd8+ Kxd8
9.a4 b4 10.Nb1 Be6 11.Nd2 Nbd7 12.Nc1 Bc5 13.Kf2 Bd4 14.Bxd4 exd4 15.Bc4 Ke7
16.Nd3 c5 17.a5 Rac8 18.Rhe1 Nf8 19.b3 Ne8 20.e5 h5 21.a6 Rh6 22.Ra5 Nd7
23.Bb5 Bf5 24.Ne4 Bxe4 25.Rxe4 Nb6 26.Re2 Nc7 27.Nxc5 Nxb5 28.Rxb5 Rhc6 29.Nd3 Rxc2
30.Rxb4 Rxe2+ 31.Kxe2 Rc2+ 32.Kd1 Rxg2 33.Rxb6 axb6 34.Nc1 Rg1+ 35.Kd2 Rg2+
36.Kd3 Rg1 37.a7 Rxc1 38.a8=Q  1-0

[Event "Ostrava Cup"]
[Site "Ostrava"]
[Date "1998.??.??"]
[Round "3"]
[White "Nedela, Vlastimil"]
[Black "Berezjuk, Sergej"]
[Result "1-0"]
[WhiteElo "2375"]
[BlackElo "2410"]

1.e4 d6 2.d4 Nf6 3.Nc3 Nbd7 4.Nf3 e5 5.Bc4 Be7 6.O-O O-O 7.h3 c6 8.a4 b6
9.Re1 a6 10.d5 c5 11.Nh2 Ne8 12.f4 exf4 13.Bxf4 Ne5 14.Be2 Bg5 15.Qd2 Bxf4
16.Qxf4 Nf6 17.Rf1 Qe7 18.Rae1 Bd7 19.Nf3 Ng6 20.Qh2 Rfe8 21.Nd2 Ne5 22.Rf4 Reb8
23.Ra1 Ne8 24.Qg3 Nc7 25.b3 b5 26.Rf2 Re8 27.Raf1 Rf8 28.axb5 axb5 29.Nd1 Ra2
30.Ne3 f6 31.Nf3 Ne8 32.Nh4 g6 33.Nhf5 Qd8 34.Nh6+ Kg7 35.Nef5+ Bxf5 36.Nxf5+ Kh8
37.Ne3 Qd7 38.Bg4 Qe7 39.Be6 Ng7 40.Bg4 Ne8 41.Be2 Nc7 42.h4 h5 43.Qf4 Rf7
44.g4 hxg4 45.Bxg4 Ra8 46.Rg2 c4 47.bxc4 bxc4 48.Be2 c3 49.Nc4 Nxc4 50.Bxc4 Rg8
51.Rf3 Na8 52.Rfg3 Nb6 53.Bb5 Kh7 54.Kh2 Qe5 55.Qxe5 fxe5 56.Rxc3  1-0

[Event "Pardubice Czech op"]
[Site "Pardubice"]
[Date "1998.??.??"]
[Round "3"]
[White "Agnos, Demetrios"]
[Black "Lorscheid, Gerhard"]
[Result "1/2-1/2"]
[WhiteElo "2475"]
[BlackElo "2315"]

1.e4 d6 2.d4 Nf6 3.Nc3 e5 4.Nf3 Nbd7 5.Bc4 Be7 6.O-O O-O 7.Re1 c6 8.a4 b6
9.b3 a6 10.Bb2 Rb8 11.Bd3 Qc7 12.Ne2 b5 13.Ng3 g6 14.c4 bxc4 15.Bxc4 Ne8
16.Qd2 Bf6 17.dxe5 Nxe5 18.Nxe5 Bxe5 19.Bxe5 dxe5 20.Rad1 a5 21.Re3 Ng7 22.Qd6 Qxd6
23.Rxd6 Rb6 24.Rc3 Ne8 25.Rd1 Ng7 26.Rd6 Ne8  1/2-1/2

[Event "Pardubice Czech op"]
[Site "Pardubice"]
[Date "1998.??.??"]
[Round "7"]
[White "Meister, Yakov"]
[Black "Krapivin, Vladislav"]
[Result "1-0"]
[WhiteElo "2465"]
[BlackElo "2385"]

1.e4 d6 2.d4 Nf6 3.Nc3 e5 4.Nge2 Nbd7 5.f3 g6 6.Be3 Bg7 7.Qd2 O-O 8.O-O-O c6
9.Bh6 b5 10.h4 Qa5 11.h5 b4 12.Nb1 Bxh6 13.Qxh6 Qxa2 14.dxe5 dxe5 15.Rd6 Rb8
16.Ng3 Rb6 17.b3 c5 18.Bc4 g5 19.Nf5 Ne8 20.Ne7+ Kh8 21.Ng6+ Kg8 22.Rxd7  1-0

[Event "Pardubice Czech op"]
[Site "Pardubice"]
[Date "1998.??.??"]
[Round "8"]
[White "Voloshin, Leonid"]
[Black "Kaimer, Thomas"]
[Result "1-0"]
[WhiteElo "2420"]
[BlackElo "2185"]

1.d4 Nf6 2.Nc3 d6 3.e4 c6 4.f4 Qa5 5.e5 dxe5 6.fxe5 Nd5 7.Bd2 Nxc3 8.Bxc3 Qd5
9.Nf3 Bg4 10.Bd3 Bxf3 11.gxf3 e6 12.Qe2 Be7 13.h4 h5 14.Be4 Qd8 15.O-O-O Nd7
16.Be1 g6 17.Kb1 Qb6 18.f4 a5 19.c4 O-O-O 20.c5 Qa7 21.Rh3 Qa8 22.Ra3 b6
23.Rc1 Nb8 24.Ra4 b5 25.Rxa5 Qb7 26.Bf2 Rd7 27.Ra3 Qc7 28.Qe1 Qd8 29.Rh3 Ra7
30.Rb3 Qd7 31.Bg2 Bd8 32.Qe4 Ra4 33.a3 Be7 34.Bf3 Rd8 35.Rc2 Qa7 36.Qe1 Kd7
37.f5 exf5 38.d5 Kc8 39.d6 Bf8 40.e6 fxe6 41.Qxe6+  1-0

[Event "Pardubice Czech op"]
[Site "Pardubice"]
[Date "1998.??.??"]
[Round "9"]
[White "Kutuzovic, Branko"]
[Black "Krapivin, Vladislav"]
[Result "1/2-1/2"]
[WhiteElo "2425"]
[BlackElo "2385"]

1.e4 d6 2.d4 Nf6 3.Nc3 e5 4.Nge2 Nbd7 5.f3 c6 6.Be3 b5 7.g4 b4 8.Na4 Bb7
9.b3 a6 10.g5 Nh5 11.Qd2 exd4 12.Nxd4 c5 13.Ne2 h6 14.gxh6 Qh4+ 15.Bf2 Qf6
16.c3 Qxf3 17.Rg1 Ne5 18.Nb2 bxc3 19.Nxc3 g6 20.Nc4 Bxh6 21.Qc2 Nxc4 22.Bxc4 Bg7
23.Rc1 Nf4  1/2-1/2

[Event "Paris op"]
[Site "Paris"]
[Date "1998.??.??"]
[Round "6"]
[White "Tayeb, Djimid"]
[Black "Martine, Jean Christophe"]
[Result "0-1"]
[WhiteElo "2110"]
[BlackElo "2165"]

1.e4 d6 2.d4 Nf6 3.Nc3 c6 4.Bg5 Nbd7 5.Qd2 e5 6.Nf3 Be7 7.h3 O-O 8.a4 Qa5
9.Rb1 Qb4 10.Be2 Re8 11.O-O Bf8 12.dxe5 dxe5 13.Bd3 h6 14.Bh4 Nh5 15.Ne2 Qxa4
16.g4 Nhf6 17.Ng3 Nh7 18.Nf5 Ndf6 19.b3 Qb4 20.c3 Nxe4 21.Qc2 Nxc3 22.Nxh6+ gxh6
23.Bxh7+ Kh8 24.Rbc1 e4 25.Rfe1 Kxh7 26.Qxc3 Qxc3 27.Rxc3 Bb4  0-1

[Event "HUN-ch op"]
[Site "Pecs"]
[Date "1998.??.??"]
[Round "5"]
[White "Turzo, Attila"]
[Black "Somlai, Laszlo"]
[Result "1-0"]
[WhiteElo "2415"]
[BlackElo "2340"]

1.e4 d6 2.d4 Nf6 3.Nc3 e5 4.Nf3 Nbd7 5.Bc4 Be7 6.O-O O-O 7.Re1 c6 8.a4 h6
9.b3 Re8 10.Bb2 Bf8 11.h3 exd4 12.Nxd4 Ne5 13.Bf1 a5 14.g3 Qb6 15.Kh1 Bd7
16.f4 Ng6 17.Bg2 d5 18.e5 Bc5 19.Nf3 Nh5 20.Ne2 Bf2 21.Bd4 Bxd4 22.Qxd4 c5
23.Qd2 f5 24.Qxd5+ Be6 25.Qd2 c4 26.Nfd4 Rad8 27.Qc3 Ne7 28.Nxe6 Qxe6 29.Rad1 cxb3
30.Qxb3 Qxb3 31.cxb3 g5 32.Bxb7 gxf4 33.gxf4 Ng6 34.Bc6 Rxd1 35.Rxd1 Rc8
36.Bd5+ Kf8 37.Bc4 Nhxf4 38.Nxf4 Nxf4 39.Rf1 Nxh3 40.Rxf5+ Ke7 41.Rf7+ Ke8
42.e6 Ng5 43.Bb5+  1-0

[Event "HUN-ch op"]
[Site "Pecs"]
[Date "1998.??.??"]
[Round "6"]
[White "Parkanyi, Attila"]
[Black "Lenart, Endre"]
[Result "1-0"]
[WhiteElo "2390"]
[BlackElo "2220"]

1.e4 d6 2.d4 Nf6 3.Nc3 Nbd7 4.f4 e5 5.Nf3 Qe7 6.Bc4 c6 7.O-O b5 8.Bd3 b4
9.Ne2 g6 10.Bd2 a5 11.a3 bxa3 12.Rxa3 a4 13.Qa1 exd4 14.Nexd4 Nb6 15.Nxc6 Qc7
16.Rc3 Qb7 17.Ncd4 Bg7 18.Nb5 O-O 19.Nxd6 Qe7 20.e5 Nfd5 21.Ra3 Bg4 22.c4 Nc7
23.c5 Nd7 24.Be4 Rab8 25.Be3 Ne6 26.Nd4 Nxd4 27.Bxd4 f6 28.Bd5+ Kh8 29.e6 Rb4
30.Bc3 Rb3 31.Rxb3 axb3 32.exd7  1-0

[Event "Plzen opJ-B"]
[Site "Plzen"]
[Date "1998.??.??"]
[Round "3"]
[White "Fiala, D."]
[Black "Mrnka, J."]
[Result "1/2-1/2"]
[WhiteElo "1610"]
[BlackElo "1830"]

1.e4 d6 2.d4 Nf6 3.Nc3 c6 4.Nf3 Bg4 5.Be2 Nbd7 6.O-O e5 7.dxe5 dxe5 8.Be3 Be7
9.Ng5 Bxe2 10.Qxe2 h6 11.Nf3 Ng4 12.Rad1 Nxe3 13.Qxe3 Qc7 14.Rd2 O-O 15.Rfd1 Rfd8
16.a3 a6 17.b4 a5 18.Rb1 b5 19.Ne2 Nb6 20.Rxd8+ Rxd8 21.Ng3 Nc4 22.Qc3 axb4
23.axb4 Bf8 24.h3 g6 25.Nf1 Bg7 26.N1d2 Nb6 27.Qe3 Na4 28.c4 Qd6 29.c5 Qe6
30.Qb3 Qd7 31.Kf1 Kf8 32.Ke2 g5 33.Nf1 f5 34.Ng3 g4 35.hxg4 fxg4 36.Ne1 Qd4
37.Kf1 Nc3 38.Rc1 Nxe4 39.Nxe4 Qxe4 40.Qc3 h5 41.Kg1 Qf4 42.Rc2 Bf6 43.Re2 Qf5
44.Rd2 Rxd2 45.Qxd2 Be7 46.Nc2 Kf7 47.Qe2 Bg5 48.Kh2 h4 49.g3 h3 50.Ne3 Bxe3
51.Qxe3 Ke8 52.Kg1 e4 53.Qd4 Kf7 54.Qd6 h2+ 55.Kxh2 Qxf2+ 56.Kh1 Qf6 57.Qd7+ Kf8
58.Qc8+  1/2-1/2

[Event "Plzen opJ-D"]
[Site "Plzen"]
[Date "1998.??.??"]
[Round "4"]
[White "Tokmachev, G."]
[Black "Kalvach, L."]
[Result "1-0"]
[WhiteElo "1950"]
[BlackElo "1855"]

1.e4 d6 2.d4 Nf6 3.Nc3 Nbd7 4.Nf3 e5 5.Bc4 Be7 6.O-O O-O 7.h3 c6 8.a4 a5
9.Be3 Qc7 10.Qe2 b6 11.Rfd1 Bb7 12.dxe5 dxe5 13.Nh4 g6 14.Bh6 Rfe8 15.Bxf7+ Kxf7
16.Qc4+ Nd5 17.Nxd5 Ba6 18.Nxc7+ Bxc4 19.Nxa8 Bxh4 20.Rxd7+ Ke6 21.Nxb6 Rb8
22.Rad1  1-0

[Event "Plzen opJ"]
[Site "Plzen"]
[Date "1998.??.??"]
[Round "5"]
[White "Mihajlovskij, Sergei"]
[Black "Neumann, Peter"]
[Result "1/2-1/2"]
[WhiteElo "2310"]
[BlackElo "2360"]

1.d4 Nf6 2.Nc3 d6 3.e4 c6 4.h3 e5 5.g3 Be7 6.Bg2 O-O 7.Nge2 b5 8.O-O Nbd7
9.Be3 Bb7 10.a3 a5 11.Re1 Qc7 12.Qd2 Nb6 13.b3 b4  1/2-1/2

[Event "Plzen opJ"]
[Site "Plzen"]
[Date "1998.??.??"]
[Round "7"]
[White "Starostits, Andris"]
[Black "Neumann, Peter"]
[Result "0-1"]
[WhiteElo "2140"]
[BlackElo "2360"]

1.d4 d6 2.e4 Nf6 3.Nc3 c6 4.Bg5 Nbd7 5.Qd2 e5 6.Nf3 Be7 7.Be2 O-O 8.a4 Re8
9.O-O h6 10.Bh4 exd4 11.Qxd4 Nc5 12.Rfe1 Nfxe4 13.Nxe4 Bxh4 14.Nxd6 Bxf2+
15.Qxf2 Qxd6 16.Rad1 Qf8 17.b4 Nxa4 18.Bc4 Bg4 19.h3 Bxf3 20.Qxf3 Nb2 21.Rxe8 Rxe8
22.Rd4 Nxc4 23.Rxc4 Qd6 24.Rf4 Re1+  0-1

[Event "Pribram Cup"]
[Site "Pribram"]
[Date "1998.??.??"]
[Round "?"]
[White "Simacek, Pavel"]
[Black "Orsag, Milan"]
[Result "0-1"]
[WhiteElo "2350"]
[BlackElo "2405"]

1.e4 d6 2.d4 Nf6 3.Nc3 e5 4.Nf3 Nbd7 5.Bc4 Be7 6.O-O O-O 7.a4 c6 8.a5 Qc7
9.Qe2 Rb8 10.Rd1 b5 11.axb6 axb6 12.d5 b5 13.Bb3 b4 14.dxc6 bxc3 15.cxd7 Bxd7
16.bxc3 Qxc3 17.Ra7 h6 18.Ba3 Ra8 19.Rxa8 Rxa8 20.Bxd6 Bxd6 21.Rxd6 Bb5 22.Qxb5 Ra1+
23.Qf1 Rxf1+ 24.Kxf1 Nxe4 25.Rd3 Qa1+ 26.Ke2 Nc3+ 27.Kd2 Nb1+ 28.Ke3 Qa7+
29.Ke4 Qxf2 30.Rd8+ Kh7 31.Bxf7 Qxc2+ 32.Ke3 Qc5+ 33.Kd3 e4+ 34.Kxe4 Qe7+
35.Ne5 Qxd8 36.Bg6+ Kg8 37.Bf7+ Kf8  0-1

[Event "CRO-Cup"]
[Site "Pula"]
[Date "1998.??.??"]
[Round "1"]
[White "Mestrovic, Zvonimir"]
[Black "Topalovic, Zlatko"]
[Result "1/2-1/2"]
[WhiteElo "2425"]
[BlackElo "2210"]

1.Nc3 d6 2.d4 Nf6 3.e4 e5 4.dxe5 dxe5 5.Qxd8+ Kxd8 6.f3 Be6 7.Be3 Nbd7 8.O-O-O c6
9.g4 Bb4 10.Nge2 Ke7 11.g5 Ne8 12.a3 Ba5 13.Na4 Nd6 14.Ng3 g6 15.h4 Bc7 16.b3 b5
17.Nb2 Bb6 18.Bd2 a5 19.Nd3 a4 20.Bb4 Be3+ 21.Kb2 c5 22.Bc3 Bd4 23.Bxd4 cxd4
24.f4 axb3 25.cxb3 Nc4+ 26.bxc4 bxc4 27.Nb4 c3+ 28.Kc2 Rxa3 29.Rb1 Ba2 30.Bh3 Bxb1+
31.Rxb1 Nc5 32.fxe5 d3+ 33.Nxd3 Ra2+ 34.Kxc3 Ra3+ 35.Kc4 Rxd3 36.Kxc5 Rxg3
37.Rb7+ Kf8 38.e6 Rxh3 39.Rb8+ Ke7 40.Rxh8 Rxh4 41.exf7 Kxf7 42.Kd5 Rh5 43.e5 Kg7
44.e6 Rxg5+ 45.Kd6 Kxh8 46.e7 Rf5 47.e8=Q+ Kg7 48.Qe7+ Kg8 49.Ke6 Kh8  1/2-1/2

[Event "CRO-chT2"]
[Site "Pula"]
[Date "1998.??.??"]
[Round "3"]
[White "Ozanic, Marijan"]
[Black "Biti, Ozren"]
[Result "1-0"]
[WhiteElo "2265"]
[BlackElo "2220"]

1.e4 d6 2.d4 Nf6 3.Nc3 c6 4.f4 Qa5 5.Qd2 e5 6.Nf3 Nbd7 7.a3 Be7 8.b4 Qc7
9.Bd3 O-O 10.Bb2 b5 11.a4 bxa4 12.Nxa4 exd4 13.Nxd4 Nb6 14.Qc3 Nxa4 15.Rxa4 Bd7
16.O-O Rfc8 17.Nf5 Bxf5 18.exf5 Qb6+ 19.Kh1 Rab8 20.Rf3 c5 21.b5 d5 22.Qe1 c4
23.Bf1 Qxb5 24.Ra2 Re8 25.Qa1 Qd7 26.g4 Rxb2 27.Qxb2 Nxg4 28.Qd4 Nf6 29.Rxa7 Qb5
30.Qa1 h6 31.Rg3 Bc5 32.Qxf6  1-0

[Event "CRO-Cup"]
[Site "Pula"]
[Date "1998.??.??"]
[Round "3"]
[White "Grosar, Aljosa"]
[Black "Topalovic, Zlatko"]
[Result "1/2-1/2"]
[WhiteElo "2470"]
[BlackElo "2210"]

1.e4 d6 2.d4 Nf6 3.Nc3 e5 4.dxe5 dxe5 5.Qxd8+ Kxd8 6.Nf3 Bd6 7.Bc4 Be6 8.Bxe6 fxe6
9.Be3 Nc6 10.h3 Ke7 11.a3 a6 12.O-O-O b5 13.Nd2 Rhb8 14.Ne2 a5 15.f4 a4 16.c3 exf4
17.Bxf4 Bxf4 18.Nxf4 Ne5 19.Nf3 Nfd7 20.Rhf1 Rf8 21.Ng5 Nc5 22.Kb1 h6 23.Nf3 Rxf4
24.Nxe5 Rxf1 25.Rxf1 Nxe4 26.Ng6+ Kd6 27.Rd1+ Kc5 28.Rd7 c6 29.Ne5 Rg8 30.h4 g5
31.h5 Nf6 32.Rd1 Nd5 33.Ng4 Rd8 34.Kc1 Rf8 35.Nxh6 Rh8 36.Nf7 Rxh5 37.g4 Rh4
38.Nxg5 Nf4 39.Ne4+ Kb6 40.Nf6 Rh2 41.Rd2 Rh1+ 42.Kc2 Rg1 43.Rf2 Ng6  1/2-1/2

[Event "Jirasek mem"]
[Site "Rakovnik"]
[Date "1998.??.??"]
[Round "9"]
[White "Kubistova, Vera"]
[Black "Struzka, Vlastimil"]
[Result "1/2-1/2"]
[WhiteElo "1755"]
[BlackElo "1725"]

1.e4 d6 2.d4 Nf6 3.Nc3 c6 4.f4 g6 5.Nf3 Bg7 6.e5 dxe5 7.fxe5 Nd5 8.Ne4 O-O
9.Bd2 Qb6 10.c4 Bf5 11.Ng3 Nc7 12.Nxf5 gxf5 13.Qc2 c5 14.Qxf5 cxd4 15.Nh4 Qe6
16.Bf4 Nd7 17.Bd3 Qxf5 18.Nxf5 Bxe5 19.Nxe7+ Kh8 20.O-O Rae8 21.Nf5 Nc5 22.Rad1 f6
23.Rf3 N5e6 24.Bh6 Rg8 25.b4  1/2-1/2

[Event "Regensburg op"]
[Site "Regensburg"]
[Date "1998.??.??"]
[Round "3"]
[White "Inkiov, Ventzislav"]
[Black "Hoepfl, Thomas"]
[Result "1/2-1/2"]
[WhiteElo "2495"]
[BlackElo "2215"]

1.e4 d6 2.d4 Nf6 3.Nc3 c6 4.f3 e5 5.Be3 Be7 6.Nge2 Nbd7 7.g4 h6 8.Ng3 g6
9.Qd2 exd4 10.Bxd4 Ne5 11.Be2 g5 12.O-O-O b5 13.Nf5 Bxf5 14.exf5 b4 15.Na4 Nd5
16.Bxe5 dxe5 17.Bc4 Nb6 18.Qe2 Qc7 19.f6 Nxa4 20.fxe7 Nb6 21.Rhe1 Qxe7 22.Qxe5 Qxe5
23.Rxe5+ Kf8 24.Bb3 Re8 25.Rxe8+ Kxe8 26.Rd6 h5 27.Rxc6 hxg4 28.fxg4 Kd7
29.Rf6 Rxh2 30.Rxf7+ Kc6 31.Rf5 Rg2 32.Rxg5 a5 33.a4 bxa3 34.bxa3 a4 35.Ba2 Rg3
36.Kb2 Nd7 37.Rg6+ Kc5 38.Ra6 Rxg4 39.Be6 Rg6 40.Ra7 Rxe6 41.Rxd7 Re3 42.Rd3 Re4
43.Rh3 Re5 44.Kc3 Rg5 45.Rh4 Rg3+ 46.Kb2 Kb5 47.Rh5+ Kb6 48.Rd5 Rh3 49.Rd3 Rh4
50.Rg3 Kc5 51.Rg5+ Kb6 52.Kc3 Kc6 53.Re5 Rg4 54.Kd3 Rg3+ 55.Re3 Rg4 56.c4 Rg1
57.Kd4 Rd1+ 58.Rd3 Rc1 59.Rh3 Rd1+ 60.Kc3 Rb1 61.Kc2 Rg1 62.Kd3 Rd1+ 63.Kc3 Rb1
64.Re3 Kc5 65.Re5+ Kb6 66.Kd4 Rd1+  1/2-1/2

[Event "ISL-chT9899"]
[Site "Reykjavik"]
[Date "1998.??.??"]
[Round "?"]
[White "Thorsteins, Karl"]
[Black "Leosson, Torfi"]
[Result "1-0"]
[WhiteElo "2493"]
[BlackElo "2150"]

1.d4 d6 2.e4 Nf6 3.Nc3 e5 4.Nf3 Nbd7 5.Bc4 Be7 6.O-O c6 7.a4 O-O 8.Re1 Rb8
9.h3 b6 10.Bg5 Qc7 11.Qd2 a6 12.b4 b5 13.axb5 axb5 14.Bb3 Re8 15.Qd3 Nf8
16.d5 Bd7 17.dxc6 Bxc6 18.Ra5 Qd7 19.Nh4 Ne6 20.Bxf6 Bxf6 21.Nf5 Nd4 22.Nxd4 exd4
23.Nd5 Bxd5 24.Bxd5 Rec8 25.Rea1 g6 26.Ra7 Rc7 27.Rxc7 Qxc7 28.Ra6 Be5 29.Bc6 Qe7
30.Bxb5 Qg5 31.g3 Bxg3  1-0

[Event "BRA-ch"]
[Site "Rio de Janeiro"]
[Date "1998.??.??"]
[Round "11"]
[White "Tsuboi, Edson Kenji"]
[Black "Matsuura, Everaldo"]
[Result "1/2-1/2"]
[WhiteElo "2345"]
[BlackElo "2405"]

1.e4 d6 2.d4 Nf6 3.Nc3 e5 4.Nf3 Nbd7 5.Bc4 Be7 6.O-O c6 7.a4 Qc7 8.h3 h6
9.Re1 g5 10.b4 Nf8 11.d5 Ng6 12.Bb3 g4 13.hxg4 Bxg4 14.Qd3 Rg8 15.Nh2 Qc8
16.dxc6 bxc6 17.b5 Be6  1/2-1/2

[Event "Roskilde op"]
[Site "Roskilde"]
[Date "1998.??.??"]
[Round "5"]
[White "Hector, Jonny"]
[Black "Bergstrom, Rolf"]
[Result "1-0"]
[WhiteElo "2505"]
[BlackElo "2295"]

1.e4 d6 2.d4 Nf6 3.Nc3 Nbd7 4.f4 e5 5.Nf3 exd4 6.Qxd4 c6 7.Qd2 Be7 8.e5 dxe5
9.fxe5 Ng4 10.Qf4 Nf8 11.Bc4 Nh6 12.O-O Bf5 13.Qg3 Bg6 14.Bxh6 gxh6 15.Rad1 Qb6+
16.Kh1 Ne6 17.Bxe6 fxe6 18.Nh4 Bf7 19.Rxf7 Kxf7 20.Qf3+ Kg7 21.Qg4+ Kf7 22.Rf1+ Ke8
23.Qxe6 Rf8 24.Nf5 Rxf5 25.Qxf5 Qb4 26.Ne4  1-0

[Event "Roskilde op"]
[Site "Roskilde"]
[Date "1998.??.??"]
[Round "7"]
[White "Hector, Jonny"]
[Black "Zagorskis, Darius"]
[Result "1-0"]
[WhiteElo "2505"]
[BlackElo "2515"]

1.e4 d6 2.d4 Nf6 3.Nc3 e5 4.f4 exd4 5.Qxd4 Nc6 6.Bb5 Bd7 7.Qf2 Be7 8.Nf3 O-O
9.O-O a6 10.Bd3 Nb4 11.Bd2 c5 12.e5 Nxd3 13.cxd3 Ne8 14.Nd5 Bb5 15.Ba5 Qd7
16.Nb6 Qd8 17.b4 Rb8 18.Rfd1 dxe5 19.bxc5 exf4 20.d4 Nf6 21.a4 Bc6 22.d5 Ng4
23.Qd4 Bf6 24.Qxf4 Bxa1 25.Rxa1 Bd7 26.Bc3 f6 27.h3 Nh6 28.a5 Nf7 29.Rd1 Re8
30.Rd2 Qe7 31.d6 Qd8 32.Nd5 Re6 33.Nd4 Re1+ 34.Kh2 Rc8 35.Nf5 Rxc5 36.Bxf6 gxf6
37.Nfe7+ Kf8 38.Nxf6 Ree5 39.Nxh7+ Kg7 40.Qf6+  1-0

[Event "Serbian-ch 29th"]
[Site "Sabac"]
[Date "1998.??.??"]
[Round "2"]
[White "Tosic, Miroslav"]
[Black "Popchev, Milko"]
[Result "1-0"]
[WhiteElo "2505"]
[BlackElo "2455"]

1.d4 d6 2.e4 Nf6 3.Nc3 c6 4.a4 g6 5.h3 Bg7 6.Nf3 O-O 7.Be2 d5 8.exd5 cxd5
9.O-O Nc6 10.Bf4 Ne4 11.Ra3 Bf5 12.Bb5 Rc8 13.Bxc6 Rxc6 14.Ne5 Rc8 15.Nxe4 dxe4
16.c3 Be6 17.Re1 Bd5 18.Ng4 f5 19.Ne5 e6 20.Qd2 Bf6 21.Re3 Bh4 22.Rg3 Bxg3
23.fxg3 Bc6 24.Kh2 Rc7 25.c4 Rg7 26.h4 a5 27.Bg5 Qb6 28.Bh6 e3 29.Rxe3 Be4
30.Bxg7 Kxg7 31.Nd7 Qc6 32.Nxf8 Kxf8 33.Qxa5  1-0

[Event "Saint Vincent op"]
[Site "Saint Vincent"]
[Date "1998.??.??"]
[Round "6"]
[White "Tatai, Stefano"]
[Black "Caposciutti, Maurizio"]
[Result "1/2-1/2"]
[WhiteElo "2385"]
[BlackElo "2310"]

1.e4 d6 2.d4 Nf6 3.Nc3 c6 4.Nf3 Bg4 5.Be2 e6 6.Bg5 Be7 7.Be3 d5 8.Nd2 Bxe2
9.Qxe2 dxe4 10.Ncxe4 Nxe4 11.Nxe4 Qd5 12.f3 Nd7 13.O-O O-O 14.c4 Qa5 15.a3 Nf6
16.Kh1 Rad8 17.Rfd1 Qh5 18.Ng3 Qg6 19.Qd3 Qxd3 20.Rxd3 Rd7 21.Rb3 Rfd8 22.Kg1 Ne8
23.Ne4 h6 24.g4  1/2-1/2

[Event "Salsomaggiore Terme op"]
[Site "Salsomaggiore Terme"]
[Date "1998.??.??"]
[Round "3"]
[White "Rogers, Ian"]
[Black "De Santis, Alessio"]
[Result "0-1"]
[WhiteElo "2570"]
[BlackElo "2310"]

1.e4 d6 2.d4 Nf6 3.Nc3 c6 4.Bg5 Nbd7 5.Qd2 b5 6.f3 a6 7.Nh3 e5 8.Nf2 Be7
9.Be2 Bb7 10.O-O O-O 11.a3 Re8 12.Be3 Qc7 13.Rad1 Rad8 14.Qc1 d5 15.exd5 cxd5
16.dxe5 Nxe5 17.Bd4 Nc6 18.Bxf6 Bxf6 19.Nxd5 Rxd5 20.Rxd5 Rxe2 21.Qd1 Re8
22.c3 Ne5 23.Rd2 Bg5 24.Re2 Bf4 25.Ng4 h5 26.Nxe5 Rxe5 27.Rxe5 Qxe5 28.Re1 Qg5
29.Re8+ Kh7 30.Qd7 Qc5+ 31.Kh1 Qc4 32.Re1 Bc8 33.Qd1 Bf5 34.Qd4 Qxd4 35.cxd4 Be6
36.g3 Bd6 37.Kg2 g5 38.d5 Bd7 39.Kf2 Kg7 40.Ke3 Be5 41.Re2 Kf6 42.f4 gxf4+
43.gxf4 Bd6 44.Rg2 Bc5+ 45.Ke4 Bf5+ 46.Kf3 a5 47.b4 Bg4+ 48.Ke4 axb4 49.axb4 Bf5+
50.Kf3 Bd6 51.Ra2 Bd3 52.Ra6 Ke7 53.Ra7+ Kf8  0-1

[Event "Salsomaggiore Terme op"]
[Site "Salsomaggiore Terme"]
[Date "1998.??.??"]
[Round "5"]
[White "Costantini, Roberto"]
[Black "Caposciutti, Maurizio"]
[Result "0-1"]
[WhiteElo "2140"]
[BlackElo "2310"]

1.e4 d6 2.d4 Nf6 3.Nc3 c6 4.f4 Qa5 5.Bd3 d5 6.e5 Ne4 7.Bd2 Qb6 8.Nf3 Bf5
9.O-O e6 10.Qe2 Nxd2 11.Qxd2 Bxd3 12.Qxd3 g6 13.a3 Nd7 14.Kh1 c5 15.Na4 Qc6
16.Nxc5 Bxc5 17.dxc5 Nxc5 18.Qd4 b5 19.Rac1 Nd7 20.Rfd1 Nb6 21.b3 Rc8 22.Qb4 a6
23.Ne1 Qc3 24.Nd3 Qxb4 25.axb4 Nd7 26.Kg1 Ke7 27.Ne1 g5 28.g3 gxf4 29.gxf4 f6
30.Nd3 Rhg8+ 31.Kh1 fxe5 32.fxe5 h5 33.Rg1 h4 34.h3 Rxg1+ 35.Kxg1 Rg8+ 36.Kh2 Rg5
37.Re1 Rg3 38.Re2 Rf3 39.Kg2 Rg3+ 40.Kh2  0-1

[Event "Samobor"]
[Site "Samobor"]
[Date "1998.??.??"]
[Round "11"]
[White "Damjanovic, Mato"]
[Black "Medic, Miljenko"]
[Result "1/2-1/2"]
[WhiteElo "2330"]
[BlackElo "2285"]

1.e4 d6 2.d4 Nf6 3.Nc3 c6 4.Bf4 e6 5.Qd2 Be7 6.O-O-O O-O 7.Kb1 Nh5 8.Be3 f5
9.Bd3 fxe4 10.Bxe4 Nd7 11.Nge2 Nhf6 12.Bf3  1/2-1/2

[Event "San Jose op"]
[Site "San Jose"]
[Date "1998.??.??"]
[Round "2"]
[White "Sanz Barrionuevo, A."]
[Black "Galvez Perez, Jose Luis"]
[Result "0-1"]
[WhiteElo "2030"]
[BlackElo "2135"]

1.e4 d6 2.d4 Nf6 3.Nc3 c6 4.Bg5 Nbd7 5.Nf3 h6 6.Bh4 g5 7.Bg3 Bg7 8.h3 b5
9.Bd3 b4 10.Ne2 Qa5 11.O-O g4 12.hxg4 Nxg4 13.c3 e5 14.Qb3 Rb8 15.Rab1 Nf8
16.a3 Qd8 17.axb4 Ng6 18.Qa4 Bd7 19.Qxa7 h5 20.Rfd1 h4 21.Bh2 h3 22.g3 Qf6
23.dxe5 N6xe5 24.Nxe5 dxe5 25.Nf4 Rd8 26.Be2 exf4 27.Bxg4 Bxg4 28.Rxd8+ Qxd8
29.Qc5 Rh6 30.gxf4 Rd6 31.Re1 Bf3 32.Qe3 Rd1 33.e5 Rxe1+ 34.Qxe1 Qd7 35.Qf1 Bh6
36.Bg3 Qg4 37.Kh2 Bxf4 38.Qg1 Bg2 39.Qa1 Bxg3+ 40.fxg3 c5 41.Qa7 Qd7 42.Qxc5 Bf1
43.Qf2 Qd1 44.g4 Bg2 45.Kg3 Qd3+ 46.Kh2 Qe4 47.Qf6 Qxg4 48.b5 Qe2 49.Kg1 Qxb5
50.b4 Qe2 51.Qh8+ Kd7 52.Qf8 Qe3+ 53.Kh2 Qxe5+ 54.Kg1 Bd5  0-1

[Event "Sao Paulo State-ch1"]
[Site "Santa Barbara d'Oeste"]
[Date "1998.??.??"]
[Round "?"]
[White "Rocha, Wellington Carlos"]
[Black "Matsuura, Everaldo"]
[Result "1/2-1/2"]
[WhiteElo "2325"]
[BlackElo "2405"]

1.e4 d6 2.d4 Nf6 3.Nc3 e5 4.Nf3 Nbd7 5.g3 Be7 6.Bg2 c6 7.a4 O-O 8.O-O Qc7
9.h3 Re8 10.a5 Bf8 11.Bg5 h6 12.Be3 exd4 13.Qxd4 Nc5 14.Nd2 Nfd7 15.Rfd1 Ne5
16.f4 Ne6 17.Qa4 Nd7 18.Qc4 b5 19.axb6 Nxb6 20.Qf1 d5 21.exd5 Nxd5 22.Nxd5 cxd5
23.Bxd5 Bb7 24.Bxb7 Qxb7 25.Nc4 Nc5 26.Qg2 Re4 27.b3 Rae8 28.Re1 h5 29.Bf2 h4
30.g4 Qc7 31.f5 Qf4 32.Bxh4 Rxe1+ 33.Rxe1 Rxe1+ 34.Bxe1 Ne4 35.Qe2 Ng5 36.Kg2 Qc7
37.Qe3 Qc6+ 38.Kh2 f6 39.Bf2 Bd6+ 40.Nxd6 Qxd6+ 41.Kg2 Qd5+ 42.Kg3 Qh1 43.h4 Qh3+
44.Kf4 Qh2+ 45.Bg3 Nh3+ 46.Ke4 Qxc2+ 47.Kd5 Qd1+ 48.Ke6 Qxg4 49.Kd7 Qxf5+
50.Qe6+ Qxe6+ 51.Kxe6 Kf8 52.Bd6+ Ke8 53.Bc5 Nf4+ 54.Kf5 Ng2 55.Bf2 Nxh4+
56.Bxh4 Kd7  1/2-1/2